[Event "Calvia Amateur op 19th"]
[Site "Calvia"]
[Date "2022.10.08"]
[Round "1"]
[White "Ballester Cladera, Antonio"]
[Black "Hutchinson, Paul A"]
[Result "0-1"]
[WhiteElo "1670"]
[BlackElo "2097"]
[PlyCount "100"]
[EventDate "2022.10.08"]
[EventType "swiss"]
[EventRounds "9"]
[EventCountry "ESP"]
[SourceTitle "CBM 210 Extra"]
[Source "ChessBase"]
[SourceDate "2022.11.30"]
[SourceVersion "1"]
[SourceVersionDate "2022.11.30"]
[SourceQuality "1"]

1. e4 d5 2. exd5 Qxd5 3. Nc3 Qa5 4. d4 Nf6 5. Nf3 c6 6. Bc4 Bg4 7. h3 Bxf3 8. Qxf3 e6 9. 0-0 Nbd7 10. Bd2 Qb6 11. Qe3 Be7 12. Rfe1 0-0 13. a3 Rfe8 14. Bd3 Rad8 15. Qf4 Nf8 16. Ne2 Ng6 17. Bxg6 hxg6 18. Bc3 Nd5 19. Qd2 Bf6 20. Ba5 Qb5 21. Bxd8 Rxd8 22. c3 c5 23. Qc2 c4 24. Qc1 Ne7 25. Ng3 Qc6 26. Ne4 Nf5 27. Nxf6+ gxf6 28. Qf4 Kg7 29. Qe4 Rd5 30. Re2 Qc7 31. Rae1 Nd6 32. Qf4 Rf5 33. Qe3 Rg5 34. Qf4 Qc6 35. g4 Rb5 36. f3 Nc8 37. Rh2 Ne7 38. h4 Nd5 39. Qg3 Qb6 40. Ree2 e5 41. Qf2 Nf4 42. Rd2 Nd3 43. Qe2 exd4 44. cxd4 Qxd4+ 45. Kf1 Re5 46. Qd1 Qf4 47. Kg2 Ne1+ 48. Kh3 Nxf3 49. Rhf2 Re3 50. Kg2 Qh2+ 0-1

[Event "Colonia de Sant Jordi op-B"]
[Site "Colonia de Sant Jordi"]
[Date "2022.06.04"]
[Round "4"]
[White "Zander, Daniel"]
[Black "Ballester Cladera, Antonio"]
[Result "0-1"]
[WhiteElo "1318"]
[BlackElo "1653"]
[PlyCount "85"]
[EventDate "2022.06.03"]
[EventType "swiss"]
[EventRounds "6"]
[EventCountry "ESP"]
[SourceTitle "CBM 208 Extra"]
[Source "ChessBase"]
[SourceDate "2022.07.31"]
[SourceVersion "1"]
[SourceVersionDate "2022.07.31"]
[SourceQuality "1"]

1. e4 c5 2. Nc3 Nc6 3. Nf3 e6 4. d4 cxd4 5. Nxd4 Nf6 6. Bg5 h6 7. Bh4 a6 8. Nxc6 bxc6 9. e5 g5 10. exf6 gxh4 11. Qf3 Qb6 12. Rb1 Bb7 13. Qd3 d5 14. Be2 Rg8 15. Qh7 Rxg2 16. Rf1 Rg6 17. Bh5 Rxf6 18. f3 Qe3+ 19. Ne2 Qg5 20. Bg4 Qg6 21. Qh8 Qg7 22. Qxg7 Bxg7 23. c3 c5 24. Rg1 Rg6 25. Kf2 Be5 26. f4 Bd6 27. h3 Ke7 28. Rbe1 Rf6 29. Ke3 a5 30. Rgf1 Rb8 31. f5 e5 32. Kd2 Ba6 33. Kc2 Bc8 34. c4 d4 35. Nf4 Bb7 36. Nh5 e4 37. Nxf6 Kxf6 38. a3 e3 39. Bf3 Bc8 40. Rb1 Ke5 41. Bg4 Bd7 42. b3 Rg8 43. Rg1 0-1

[Event "Mallorca-ch Veterans"]
[Site "Portals Nous"]
[Date "2021.04.09"]
[Round "2"]
[White "Ballester Cladera, Antonio"]
[Black "Ramis Sebastia, Jordi Salvador"]
[Result "1-0"]
[WhiteElo "1682"]
[BlackElo "1508"]
[PlyCount "47"]
[EventDate "2021.03.26"]
[EventType "swiss"]
[EventRounds "5"]
[EventCountry "ESP"]
[SourceTitle "EXT 2022"]
[Source "ChessBase"]
[SourceDate "2021.10.06"]
[SourceVersion "1"]
[SourceVersionDate "2021.10.06"]
[SourceQuality "1"]

1. e4 c5 2. Nf3 d6 3. d4 cxd4 4. Nxd4 Nc6 5. Be3 g6 6. Nc3 a6 7. a3 Bg7 8. Qd2 Nf6 9. f3 0-0 10. g4 e5 11. Nde2 Be6 12. 0-0-0 Na5 13. Ng3 Qc7 14. Qxd6 Qxd6 15. Rxd6 Nc4 16. Bxc4 Bxc4 17. g5 Ne8 18. Rd7 b5 19. Bc5 a5 20. Bxf8 Bxf8 21. Nd5 b4 22. a4 Ng7 23. Rd1 Ne6 24. Nb6 1-0

[Event "Mallorca-chT Preferente"]
[Site "Mallorca"]
[Date "2021.03.20"]
[Round "3"]
[White "Baldo Company, Jordi"]
[Black "Ballester Cladera, Antonio"]
[Result "1-0"]
[WhiteElo "1549"]
[BlackElo "1682"]
[PlyCount "82"]
[EventDate "2021.03.06"]
[EventType "team-swiss"]
[EventRounds "7"]
[EventCountry "ESP"]
[SourceTitle "EXT 2023"]
[Source "ChessBase"]
[SourceDate "2022.10.05"]
[SourceVersion "1"]
[SourceVersionDate "2022.10.05"]
[SourceQuality "1"]
[WhiteTeam "Mestral Palmanyola"]
[BlackTeam "Maria Salut"]
[WhiteTeamCountry "ESP"]
[BlackTeamCountry "ESP"]

1. e4 d5 2. exd5 Nf6 3. Nc3 Nxd5 4. Bc4 Nxc3 5. Qf3 e6 6. Qxc3 Nc6 7. Nf3 Bd7 8. 0-0 Qf6 9. Qxf6 gxf6 10. d4 0-0-0 11. Bf4 Rg8 12. c3 Ne7 13. Bd3 Bc6 14. Be2 Nf5 15. h3 Rg6 16. Kh2 Bd6 17. Bxd6 cxd6 18. g4 Ne7 19. c4 Rdg8 20. Rg1 R6g7 21. Rg3 Ng6 22. Nd2 Nf4 23. Bf3 e5 24. Bxc6 bxc6 25. dxe5 fxe5 26. Ne4 d5 27. cxd5 cxd5 28. Rc1+ Kd8 29. Nf6 Ne2 30. Rd1 Nxg3 31. Rxd5+ Ke7 32. Nxg8+ Ke6 33. Ra5 Rxg8 34. Kxg3 f5 35. Rxa7 h5 36. f3 hxg4 37. hxg4 f4+ 38. Kf2 Rh8 39. Kg2 Rc8 40. Ra6+ Kd5 41. Ra7 Ke6 1-0

[Event "Campos Migjorn op"]
[Site "Campos"]
[Date "2019.09.07"]
[Round "2"]
[White "Rubert Alfonso, Victor"]
[Black "Ballester Cladera, Antonio"]
[Result "1/2-1/2"]
[WhiteElo "1891"]
[BlackElo "1684"]
[PlyCount "65"]
[EventDate "2019.09.06"]
[EventType "swiss"]
[EventRounds "8"]
[EventCountry "ESP"]
[SourceTitle "EXT 2020"]
[Source "ChessBase"]
[SourceDate "2019.10.17"]
[SourceVersion "1"]
[SourceVersionDate "2019.10.17"]
[SourceQuality "1"]

1. e4 c5 2. Nf3 Nc6 3. d4 cxd4 4. Nxd4 e5 5. Nb3 Nf6 6. Bc4 Be7 7. 0-0 0-0 8. Nc3 a6 9. Be3 b5 10. Be2 d6 11. a4 b4 12. Nd5 Rb8 13. a5 Nxe4 14. Bb6 Qd7 15. Bf3 f5 16. Bc7 Rb7 17. Bxe4 fxe4 18. Nxe7+ Nxe7 19. Bxd6 Rb5 20. Nc5 Qa7 21. Nxe4 Bf5 22. c4 bxc3 23. Nxc3 Rxb2 24. Nd5 Nxd5 25. Bxf8 Nf4 26. Ba3 Qb7 27. Qd8+ Kf7 28. Qg5 Bh3 29. Bxb2 h6 30. Qg3 Ne2+ 31. Kh1 Nxg3+ 32. fxg3+ Ke6 33. Rf2 1/2-1/2

[Event "Mallorca-ch B"]
[Site "Palma de Mallorca"]
[Date "2018.11.10"]
[Round "1.3"]
[White "Ballester Cladera, Antonio"]
[Black "Pons Blanco, Cristobal"]
[Result "0-1"]
[WhiteElo "1718"]
[BlackElo "1874"]
[PlyCount "56"]
[EventDate "2018.11.10"]
[EventType "swiss"]
[EventRounds "6"]
[EventCountry "ESP"]
[SourceTitle "EXT 2024"]
[Source "ChessBase"]
[SourceDate "2023.10.10"]
[SourceVersion "1"]
[SourceVersionDate "2023.10.10"]
[SourceQuality "1"]

1. e4 c5 2. Nf3 g6 3. d4 cxd4 4. Nxd4 Bg7 5. Nc3 Nc6 6. Be3 Nf6 7. f3 0-0 8. Qd2 d5 9. Nxc6 bxc6 10. 0-0-0 Qa5 11. a3 Be6 12. g4 Rfd8 13. exd5 cxd5 14. g5 Ne8 15. Bd4 Rab8 16. Bxg7 Nxg7 17. Ne2 Qb6 18. c3 Nf5 19. Nf4 Bc8 20. Re1 d4 21. c4 Qb3 22. Bd3 Ne3 23. Rxe3 dxe3 24. Qc2 Rd4 25. Qxb3 Rxb3 26. Kc2 Rbxd3 27. Nxd3 Bf5 28. Rd1 Rxd3 0-1

[Event "Mallorca-ch Primera"]
[Site "Palma"]
[Date "2017.12.03"]
[Round "2.2"]
[White "Ballester Cladera, Antonio"]
[Black "Alemany Jara, Alejandro"]
[Result "0-1"]
[WhiteElo "1763"]
[BlackElo "1951"]
[PlyCount "58"]
[EventDate "2017.12.02"]
[EventType "swiss"]
[EventRounds "6"]
[EventCountry "ESP"]
[SourceTitle "EXT 2024"]
[Source "ChessBase"]
[SourceDate "2023.10.10"]
[SourceVersion "1"]
[SourceVersionDate "2023.10.10"]
[SourceQuality "1"]

1. e4 e6 2. d4 d5 3. e5 c5 4. c3 Nc6 5. Nf3 Bd7 6. Bd3 Qb6 7. Bc2 Rc8 8. a3 cxd4 9. cxd4 Nge7 10. b4 Nf5 11. Be3 Nxe3 12. fxe3 a5 13. bxa5 Nxa5 14. Nbd2 Qb2 15. Ba4 b5 16. Bb3 Nxb3 17. Nxb3 Rc3 18. Nfd2 Rxe3+ 19. Kf2 Rxb3 20. Qxb3 Qxd2+ 21. Kf3 Qxd4 22. Rhe1 Bc5 23. Ra2 Qc4 24. Qb1 Qc3+ 25. Ke2 Qxe5+ 26. Kf1 Qf4+ 27. Ke2 0-0 28. Rc1 Qe3+ 29. Kf1 b4 0-1

[Event "Mallorca-ch Primera"]
[Site "Palma"]
[Date "2017.12.02"]
[Round "1.2"]
[White "Ballester Cladera, Antonio"]
[Black "Kehloul Gutierrez, Sadek"]
[Result "1-0"]
[WhiteElo "1763"]
[BlackElo "1962"]
[PlyCount "65"]
[EventDate "2017.12.02"]
[EventType "swiss"]
[EventRounds "6"]
[EventCountry "ESP"]
[SourceTitle "EXT 2024"]
[Source "ChessBase"]
[SourceDate "2023.10.10"]
[SourceVersion "1"]
[SourceVersionDate "2023.10.10"]
[SourceQuality "1"]

1. e4 c5 2. Nf3 d6 3. d4 cxd4 4. Nxd4 Nc6 5. Be3 Nf6 6. Nc3 a6 7. f3 e6 8. Qd2 Bd7 9. 0-0-0 Rc8 10. g4 Be7 11. h4 b5 12. h5 b4 13. Nce2 Qa5 14. Kb1 Ne5 15. Nc1 Ba4 16. Ncb3 Bxb3 17. cxb3 d5 18. g5 Nfd7 19. exd5 exd5 20. f4 Nc6 21. Nxc6 Rxc6 22. Qxd5 Qc7 23. Bc4 Rf8 24. Rhe1 f6 25. gxf6 Nxf6 26. Qf3 Qc8 27. f5 Rxc4 28. bxc4 Qxc4 29. Bf4 Kf7 30. Rxe7+ Kxe7 31. Qb7+ Ke8 32. Re1+ Kd8 33. Qe7+ 1-0

[Event "Calvia Amateur op 14th"]
[Site "Calvia"]
[Date "2017.10.15"]
[Round "9"]
[White "Ballester Cladera, Antonio"]
[Black "Mottonen, Ari"]
[Result "0-1"]
[WhiteElo "1769"]
[BlackElo "1988"]
[PlyCount "66"]
[EventDate "2017.10.07"]
[EventType "swiss"]
[EventRounds "9"]
[EventCountry "ESP"]
[SourceTitle "EXT 2019"]
[Source "ChessBase"]
[SourceDate "2018.10.10"]
[SourceVersion "1"]
[SourceVersionDate "2018.10.10"]
[SourceQuality "1"]

1. e4 c6 2. d4 d5 3. Nc3 dxe4 4. Nxe4 Nf6 5. Nxf6+ exf6 6. Bc4 Bf5 7. Ne2 Bd6 8. 0-0 0-0 9. Bf4 Re8 10. Bxd6 Qxd6 11. c3 b5 12. Bd3 Be6 13. Ng3 Nd7 14. Re1 g6 15. Re3 f5 16. Qc2 Nf6 17. h3 Nd5 18. Ree1 Qd8 19. Qd2 Qh4 20. Kh2 f4 21. Nf1 f3 22. Re4 Qf6 23. g3 g5 24. Re5 h6 25. Qe1 Bd7 26. Qe4 Rxe5 27. dxe5 Qe6 28. g4 Nf4 29. Ng3 Ng6 30. Nf5 Nxe5 31. Bxb5 Rb8 32. Nd4 Qd6 33. Re1 Nxg4+ 0-1

[Event "Santa Margalida Mallorca-ch"]
[Site "Santa Margalida"]
[Date "2016.11.25"]
[Round "5"]
[White "Perez Gandesa, Jose Antonio"]
[Black "Ballester Cladera, Antonio"]
[Result "0-1"]
[WhiteElo "1808"]
[BlackElo "1699"]
[PlyCount "68"]
[EventDate "2016.11.11"]
[EventType "swiss"]
[EventRounds "8"]
[EventCountry "ESP"]
[SourceTitle "EXT 2018"]
[Source "ChessBase"]
[SourceDate "2017.10.13"]
[SourceVersion "1"]
[SourceVersionDate "2017.10.13"]
[SourceQuality "1"]

1. d4 f5 2. Bg5 g6 3. e3 Bg7 4. Bd3 d6 5. c3 Nf6 6. Nf3 0-0 7. Nbd2 Qe8 8. Qc2 d5 9. Bf4 c6 10. Ne5 Nbd7 11. Ndf3 Ng4 12. Nxd7 Bxd7 13. h3 e5 14. hxg4 exf4 15. 0-0-0 fxe3 16. Rde1 Qd8 17. Rxe3 fxg4 18. Ne5 Bf5 19. Bxf5 gxf5 20. Nxg4 fxg4 21. Qxh7+ Kf7 22. Re5 Rh8 23. Qf5+ Qf6 24. Qd7+ Kg8 25. Rhe1 Qf4+ 26. R5e3 Rh6 27. Kd1 Rf8 28. Re7 Rf7 29. Rxf7 Qxf7 30. Re7 Qf6 31. Qxb7 Qxf2 32. Re1 Qf5 33. Qe7 Rf6 34. Re5 Qd3+ 0-1

[Event "Campos Migjorn op"]
[Site "Campos"]
[Date "2016.09.24"]
[Round "6"]
[White "Ballester Cladera, Antonio"]
[Black "Trave de Gonzalo, Guiem"]
[Result "1-0"]
[WhiteElo "1738"]
[BlackElo "1363"]
[PlyCount "45"]
[EventDate "2016.09.09"]
[EventType "swiss"]
[EventRounds "8"]
[EventCountry "ESP"]
[SourceTitle "EXT 2017"]
[Source "ChessBase"]
[SourceDate "2016.10.25"]
[SourceVersion "1"]
[SourceVersionDate "2016.10.25"]
[SourceQuality "1"]

1. e4 e5 2. Nf3 Nc6 3. Bc4 Nf6 4. Ng5 d5 5. exd5 Nd4 6. c3 Nf5 7. 0-0 Bd6 8. Re1 0-0 9. d3 Ne7 10. Qb3 a6 11. a4 Nd7 12. a5 b5 13. axb6 Nxb6 14. Qc2 h6 15. Nf3 Nxc4 16. dxc4 f6 17. b4 c6 18. c5 Bb8 19. d6 Nd5 20. Qg6 Nf4 21. Bxf4 exf4 22. Re7 Qxe7 23. dxe7 1-0

[Event "Campos Migjorn op"]
[Site "Campos"]
[Date "2016.09.10"]
[Round "2"]
[White "Ballester Cladera, Antonio"]
[Black "Gaya Llodra, Juan"]
[Result "0-1"]
[WhiteElo "1738"]
[BlackElo "2254"]
[PlyCount "48"]
[EventDate "2016.09.09"]
[EventType "swiss"]
[EventRounds "8"]
[EventCountry "ESP"]
[SourceTitle "EXT 2017"]
[Source "ChessBase"]
[SourceDate "2016.10.25"]
[SourceVersion "1"]
[SourceVersionDate "2016.10.25"]
[SourceQuality "1"]

1. d4 Nf6 2. Nf3 g6 3. Bf4 Bg7 4. c3 0-0 5. e3 d6 6. Bd3 c5 7. Qc2 Nc6 8. Nbd2 cxd4 9. exd4 e5 10. dxe5 dxe5 11. Bg3 h6 12. Bh4 g5 13. Bg3 Nd5 14. Bf5 Bxf5 15. Qxf5 Nde7 16. Qc2 f5 17. h3 e4 18. Ng1 Rc8 19. 0-0-0 Nd4 20. Qb1 Qa5 21. Nxe4 fxe4 22. Qxe4 Rxc3+ 23. Kb1 Rfc8 24. bxc3 Qxc3 0-1

[Event "Campos Migjorn op"]
[Site "Campos"]
[Date "2016.09.09"]
[Round "1"]
[White "Rubert Cabrillana, Antonio"]
[Black "Ballester Cladera, Antonio"]
[Result "0-1"]
[WhiteElo "1365"]
[BlackElo "1738"]
[PlyCount "103"]
[EventDate "2016.09.09"]
[EventType "swiss"]
[EventRounds "8"]
[EventCountry "ESP"]
[SourceTitle "EXT 2017"]
[Source "ChessBase"]
[SourceDate "2016.10.25"]
[SourceVersion "1"]
[SourceVersionDate "2016.10.25"]
[SourceQuality "1"]

1. Nc3 d5 2. d4 Bf5 3. e3 Nf6 4. Bb5+ c6 5. Bd3 Bg6 6. Nf3 Nbd7 7. Ne5 Bxd3 8. Qxd3 e6 9. 0-0 Bd6 10. f4 a6 11. e4 dxe4 12. Nxe4 Nxe4 13. Qxe4 0-0 14. Nc4 Bc7 15. Be3 Nf6 16. Qf3 Qd5 17. Nd2 Qxf3 18. Rxf3 Rad8 19. c3 Nd5 20. Re1 c5 21. g3 Nxe3 22. Rfxe3 cxd4 23. R3e2 dxc3 24. bxc3 Rd3 25. Ne4 Rfd8 26. c4 Rd1 27. c5 h6 28. Rxd1 Rxd1+ 29. Kg2 Kf8 30. Rd2 Rxd2+ 31. Nxd2 Ke7 32. Kf3 Kd7 33. Ke4 Kc6 34. Kd4 b6 35. cxb6 Bxb6+ 36. Kc4 Be3 37. Nf3 f6 38. a4 g5 39. fxg5 hxg5 40. g4 f5 41. h3 fxg4 42. Ne5+ Kd6 43. Nxg4 Bf4 44. Nf6 Ke5 45. Nd7+ Kf5 46. Nc5 a5 47. Nb3 Bc7 48. Nd4+ Kf6 49. Kc5 e5 50. Nb5 Bd8 51. Kd6 Be7+ 52. Kd5 0-1

[Event "Balears-ch Amateurs"]
[Site "Palma de Mallorca"]
[Date "2016.03.26"]
[Round "4"]
[White "Ballester Cladera, Antonio"]
[Black "Gomez Olivares, Alejandro"]
[Result "0-1"]
[WhiteElo "1778"]
[BlackElo "1973"]
[PlyCount "54"]
[EventDate "2016.03.24"]
[EventType "swiss"]
[EventRounds "6"]
[EventCountry "ESP"]
[SourceTitle "CBM 171 Extra"]
[Source "ChessBase"]
[SourceDate "2016.04.26"]
[SourceVersion "1"]
[SourceVersionDate "2016.04.26"]
[SourceQuality "1"]

1. e4 c5 2. Nf3 Nc6 3. d4 cxd4 4. Nxd4 g6 5. c4 Nf6 6. Nc3 Nxd4 7. Qxd4 d6 8. f3 Bg7 9. Qd1 0-0 10. Be3 Be6 11. Qd2 a5 12. a4 Nd7 13. Rb1 Nc5 14. b3 f5 15. exf5 Bxf5 16. Rb2 Ra6 17. Bd4 e5 18. Bxc5 dxc5 19. Ne4 Bxe4 20. fxe4 Qh4+ 21. Kd1 Rd8 22. Bd3 Rad6 23. Kc2 Rxd3 24. Qxd3 Qf2+ 25. Kc1 Bh6+ 26. Kb1 Qxb2+ 27. Kxb2 Rxd3 0-1

[Event "Mallorca-chT Preferente"]
[Site "Mallorca"]
[Date "2016.03.12"]
[Round "5.5"]
[White "Ballester Cladera, Antonio"]
[Black "Vicens Company, Maria Antonia"]
[Result "1-0"]
[WhiteElo "1778"]
[BlackElo "1806"]
[PlyCount "113"]
[EventDate "2016.03.01"]
[EventType "team-tourn"]
[EventRounds "9"]
[EventCountry "ESP"]
[SourceTitle "EXT 2024"]
[Source "ChessBase"]
[SourceDate "2023.10.10"]
[SourceVersion "1"]
[SourceVersionDate "2023.10.10"]
[SourceQuality "1"]
[WhiteTeam "Maria Salut"]
[BlackTeam "Blau Escacs Calvia"]
[WhiteTeamCountry "ESP"]
[BlackTeamCountry "ESP"]

1. e4 Nf6 2. e5 Nd5 3. c4 Nb6 4. d4 d6 5. Nf3 Bg4 6. exd6 exd6 7. Be3 Be7 8. Bd3 Nc6 9. a3 Bf6 10. h3 Bh5 11. g4 Bg6 12. Nc3 d5 13. Bxg6 hxg6 14. cxd5 Nxd5 15. Qb3 Nxe3 16. fxe3 Bh4+ 17. Ke2 Qd7 18. Qd5 0-0-0 19. Qxd7+ Rxd7 20. Raf1 f6 21. b4 Bg3 22. Ne4 Bd6 23. Nxd6+ Rxd6 24. Rc1 Re8 25. Kf2 Ne7 26. Rc3 Nd5 27. Rd3 Rde6 28. Nh4 Rxe3 29. Rxe3 Rxe3 30. Nxg6 Rxa3 31. Re1 Kd8 32. h4 Rb3 33. Nf8 Rxb4 34. Ne6+ Kd7 35. Nxg7 Rxd4 36. Kf3 Ne7 37. Rxe7+ Kxe7 38. Nf5+ Kf7 39. Nxd4 c5 40. Nf5 b6 41. Nd6+ Ke6 42. h5 Ke7 43. Nc8+ Kf7 44. Nxa7 Kg7 45. Nb5 Kh6 46. Kf4 Kh7 47. Kf5 Kg7 48. h6+ Kf7 49. h7 Kg7 50. h8Q+ Kxh8 51. Kxf6 Kg8 52. g5 Kf8 53. g6 Kg8 54. g7 c4 55. Nc3 b5 56. Nxb5 c3 57. Nxc3 1-0

[Event "Mallorca-chT Preferente"]
[Site "Mallorca"]
[Date "2016.03.01"]
[Round "1.5"]
[White "Palmer Cruellas, Antonio"]
[Black "Ballester Cladera, Antonio"]
[Result "0-1"]
[WhiteElo "1970"]
[BlackElo "1778"]
[PlyCount "92"]
[EventDate "2016.03.01"]
[EventType "team-tourn"]
[EventRounds "9"]
[EventCountry "ESP"]
[SourceTitle "EXT 2024"]
[Source "ChessBase"]
[SourceDate "2023.10.10"]
[SourceVersion "1"]
[SourceVersionDate "2023.10.10"]
[SourceQuality "1"]
[WhiteTeam "Son Dameto"]
[BlackTeam "Maria Salut"]
[WhiteTeamCountry "ESP"]
[BlackTeamCountry "ESP"]

1. e4 c5 2. Nf3 Nc6 3. d4 cxd4 4. Nxd4 e5 5. Nb5 Nf6 6. Bd3 d5 7. exd5 Nxd5 8. 0-0 Be7 9. Bd2 0-0 10. N5c3 Nxc3 11. Bxc3 Qc7 12. Qe2 Bd6 13. Nd2 f5 14. Nc4 e4 15. Nxd6 Qxd6 16. Bc4+ Be6 17. Rad1 Qe7 18. Rd2 Rad8 19. Rfd1 Rxd2 20. Rxd2 Bxc4 21. Qxc4+ Kh8 22. Re2 Rd8 23. g3 Ne5 24. Bxe5 Qxe5 25. c3 Qd6 26. Re1 a6 27. Kg2 Qd2 28. Qe2 g6 29. Kf1 Rd3 30. Qxd2 Rxd2 31. Re2 Rd3 32. Ke1 Kg7 33. Rd2 Rxd2 34. Kxd2 Kf6 35. Ke3 Ke5 36. c4 g5 37. f4+ exf3 38. Kxf3 Kd4 39. b3 a5 40. c5 Kxc5 41. Ke3 Kb4 42. h4 h6 43. Kd4 Ka3 44. Ke5 f4 45. gxf4 gxf4 46. Kxf4 Kxa2 0-1

[Event "Calvia Amateur op 12th"]
[Site "Calvia"]
[Date "2015.10.16"]
[Round "7"]
[White "Ballester Cladera, Antonio"]
[Black "Gonzalez Muelas, Marco Antonio"]
[Result "1-0"]
[WhiteElo "1786"]
[BlackElo "1704"]
[PlyCount "59"]
[EventDate "2015.10.10"]
[EventType "swiss"]
[EventRounds "9"]
[EventCountry "ESP"]
[SourceTitle "EXT 2019"]
[Source "ChessBase"]
[SourceDate "2018.10.10"]
[SourceVersion "1"]
[SourceVersionDate "2018.10.10"]
[SourceQuality "1"]

1. e4 c5 2. Nf3 d6 3. d4 cxd4 4. Nxd4 Nf6 5. Nc3 a6 6. f3 e6 7. Be3 Be7 8. Qd2 b5 9. g4 Bb7 10. 0-0-0 Nc6 11. Nxc6 Bxc6 12. h4 b4 13. Ne2 Qa5 14. Kb1 Rc8 15. Nd4 d5 16. Nxc6 Rxc6 17. g5 Nd7 18. exd5 exd5 19. Qxd5 Qc7 20. Bf4 Qc8 21. Bh3 Nb6 22. Qe4 Qa8 23. Rhe1 0-0 24. Qxe7 Rc4 25. Re4 Nd5 26. Qe5 Nc3+ 27. bxc3 bxc3 28. Ka1 Rc6 29. Rb1 Rd8 30. Rb8 1-0

[Event "Palma de Mallorca op U2200"]
[Site "Palma de Mallorca"]
[Date "2013.01.16"]
[Round "5"]
[White "Ballester Cladera, Antonio"]
[Black "Figuerola Campins, Antonio"]
[Result "1/2-1/2"]
[WhiteElo "1787"]
[BlackElo "1889"]
[PlyCount "77"]
[EventDate "2013.01.12"]
[EventType "swiss"]
[EventRounds "9"]
[EventCountry "ESP"]
[SourceTitle "EXT 2014"]
[Source "ChessBase"]
[SourceDate "2013.11.20"]
[SourceVersion "1"]
[SourceVersionDate "2013.11.20"]
[SourceQuality "1"]

1. d4 g6 2. Bf4 Bg7 3. e3 d6 4. Bd3 Nd7 5. Nf3 e5 6. Bg3 c6 7. c3 f5 8. dxe5 dxe5 9. e4 f4 10. Bh4 Qb6 11. Qc2 h6 12. Nbd2 g5 13. Bxg5 hxg5 14. Nxg5 Nc5 15. 0-0-0 Bg4 16. f3 Qd8 17. Bc4 Qxg5 18. fxg4 0-0-0 19. b4 Nd7 20. Be6 Qe7 21. Qb3 Kb8 22. Nf3 Ndf6 23. Bf5 Nh6 24. g5 Nxf5 25. gxf6 Qxf6 26. exf5 Qxf5 27. Qc2 Rxd1+ 28. Qxd1 Kc7 29. Qc2 Qxc2+ 30. Kxc2 Bf6 31. Re1 Kd6 32. c4 Ke6 33. Nd4+ Kf7 34. Nf3 Rh5 35. Kd3 Kg6 36. Ke4 Rh7 37. Rd1 Re7 38. Rd2 Kg7 39. h3 1/2-1/2

[Event "Alcudia Belleuve"]
[Site "Alcudia"]
[Date "2012.10.14"]
[Round "1.12"]
[White "Ponce Cano, Adrian"]
[Black "Ballester Cladera, Antonio"]
[Result "1-0"]
[WhiteElo "1958"]
[BlackElo "1770"]
[PlyCount "47"]
[EventDate "2012.10.14"]
[EventType "swiss"]
[EventRounds "9"]
[EventCountry "ESP"]
[SourceTitle "EXT 2024"]
[Source "ChessBase"]
[SourceDate "2023.10.10"]
[SourceVersion "1"]
[SourceVersionDate "2023.10.10"]
[SourceQuality "1"]

1. e4 e5 2. f4 d5 3. exd5 e4 4. d3 exd3 5. Qxd3 Nf6 6. Nc3 Be7 7. Be2 0-0 8. Nf3 Re8 9. Be3 Nbd7 10. 0-0-0 Nc5 11. Qc4 b6 12. Ne5 Bd6 13. Qd4 Bf5 14. g4 Be4 15. Rhe1 Bg2 16. Rg1 Bh3 17. Rg3 Nfd7 18. Nxd7 Qxd7 19. Rxh3 a6 20. Bd2 Re7 21. Qf2 g6 22. Qh4 f5 23. gxf5 gxf5 24. Rg1+ 1-0

[Event "Mallorca-chT Preferente"]
[Site "Palma de Mallorca"]
[Date "2012.03.31"]
[Round "9.1"]
[White "Cristea, Adrian"]
[Black "Ballester Cladera, Antonio"]
[Result "0-1"]
[WhiteElo "1606"]
[BlackElo "1796"]
[PlyCount "128"]
[EventDate "2012.01.28"]
[EventType "team"]
[EventRounds "9"]
[EventCountry "ESP"]
[SourceTitle "EXT 2014"]
[Source "ChessBase"]
[SourceDate "2013.11.20"]
[SourceVersion "1"]
[SourceVersionDate "2013.11.20"]
[SourceQuality "1"]
[WhiteTeam "Tropic"]
[BlackTeam "Maria Salut"]
[WhiteTeamCountry "ESP"]
[BlackTeamCountry "ESP"]

1. d4 d5 2. c4 e6 3. e3 Nf6 4. Nc3 c6 5. c5 Nbd7 6. b4 e5 7. Bb2 e4 8. a4 b6 9. Qc2 bxc5 10. bxc5 Qa5 11. Nh3 Be7 12. Be2 0-0 13. 0-0 Ba6 14. Nf4 Bxe2 15. Ncxe2 Rab8 16. Bc3 Qc7 17. Rfb1 Ng4 18. Ng3 Bh4 19. Rxb8 Rxb8 20. Rb1 g6 21. Rxb8+ Qxb8 22. Qb2 Qxb2 23. Bxb2 Bd8 24. Bc3 Bc7 25. Nf1 Kf8 26. h3 Nh6 27. g4 Ke7 28. Bb4 Kf6 29. Nd2 Kg5 30. Ne2 f5 31. f4+ Kh4 32. g5 Nf7 33. Kg2 h6 34. Nxe4 hxg5 35. Be1+ Kh5 36. N2g3+ Kh6 37. fxg5+ Nxg5 38. Nxg5 Kxg5 39. h4+ Kg4 40. Ne2 Nf6 41. Nc1 Ng8 42. Nd3 Ne7 43. a5 f4 44. exf4 Nf5 45. Ne5+ Bxe5 46. dxe5 Kxf4 47. e6 Ke5 48. a6 Kxe6 49. Ba5 Ne7 50. Kf3 Kf5 51. Bd8 Ke6 52. Kf4 Kd7 53. Ba5 Ke6 54. Kg5 d4 55. Bd2 d3 56. Bf4 Kd5 57. Kf6 Nf5 58. h5 gxh5 59. Kxf5 Kxc5 60. Ke4 Kc4 61. Bd2 h4 62. Ba5 h3 63. Kf3 Kb3 64. Bb6 Kc2 0-1

[Event "Mallorca-chT Preferente"]
[Site "Palma de Mallorca"]
[Date "2012.03.10"]
[Round "6.1"]
[White "Gomez Lozano, Santiago"]
[Black "Ballester Cladera, Antonio"]
[Result "0-1"]
[WhiteElo "1571"]
[BlackElo "1796"]
[PlyCount "88"]
[EventDate "2012.01.28"]
[EventType "team"]
[EventRounds "9"]
[EventCountry "ESP"]
[SourceTitle "EXT 2014"]
[Source "ChessBase"]
[SourceDate "2013.11.20"]
[SourceVersion "1"]
[SourceVersionDate "2013.11.20"]
[SourceQuality "1"]
[WhiteTeam "Agora Megaescacs"]
[BlackTeam "Maria Salut"]
[WhiteTeamCountry "ESP"]
[BlackTeamCountry "ESP"]

1. d4 d5 2. Bg5 Nf6 3. Nf3 Nbd7 4. c4 e6 5. Nc3 c6 6. e3 Qa5 7. Qb3 Ne4 8. Rc1 dxc4 9. Qa4 Qxa4 10. Nxa4 b5 11. Nc3 Nxg5 12. Nxg5 Be7 13. Nf3 0-0 14. g3 Bb7 15. Bg2 Rab8 16. 0-0 a6 17. Nd2 c5 18. d5 b4 19. Ne2 exd5 20. Nf4 Nb6 21. Rfd1 Bf6 22. Rb1 g5 23. Ne2 Na4 24. Nf1 Nxb2 25. Rd2 c3 26. Rc2 Rfd8 27. f4 h6 28. h3 a5 29. Rcc1 Ba6 30. Bf3 d4 31. exd4 cxd4 32. fxg5 hxg5 33. Kg2 d3 34. Ng1 d2 35. Ne3 dxc1Q 36. Rxc1 Rd2+ 37. Kh1 Nd3 38. Rc2 Rxc2 39. Nxc2 Bb7 40. Kg2 Bxf3+ 41. Nxf3 Rd8 42. Ne3 Nc1 43. Kf2 Bd4 44. Nxg5 Re8 0-1